00362nam a2200133Ia 4500008004100000041000800041082001500049100002300064245004200087250001500129260004400144300003300188365000700221240624s9999 xx 000 0 und d aeng a657.42 HOR aHORNGREN CHARLES T aCOST ACCOUNTING A MANAGERIAL EMPHASIS a(12th ed.) c2007aNew DelhibPrentice-Hall of India axxvii, : 868 : p. : cm. ; 28 cRS